000 00896nam a2200205Ii 4500
003 JO-AjNU
008 230605s9999||||xx |||||||||||||| ||und||
040 _aJO-AjNU
_bara
_erda
_cJO-AjNU
041 _aara
050 1 4 _aK2261.1987
100 3 _a سرور ، محمد شكري ,
_eauthor
_97635
245 0 0 _aمحاولة لتاصيل أحكام الكفالة العينية في القانون المدني المصرى والقانون المدني الفرنسي " دراسة مقارنة "
250 _a(د،ط)
264 3 1 _aالقاهرة : دار الفكر العربي ، 1987
300 _a109ص
336 _atext
_btxt
_2rdacontent
337 _aunmediated
_bn
_2rdamedia
338 _avolume
_bnc
_2rdacarrier
650 4 _aالكفالة (قانون مدني ) -- مصر -- الكفالة ( قانزن مدني ) فرنسا -- القانون المدني المقارن
_97636
999 _aA380
_c3948
_d3948